000 00530cam a2200193ua 4500
001 5908
008 131026n ii |||gr||||Z||||||eng
020 _a978-81-316-0426-7
040 _cMAIN
082 _a954
100 1 _aHangloo ,Rattan Lal,
_eEditor.
245 1 1 _aHistory of Science and Technology
_bExploring New Themes
260 _aJaipur:
_bRawat Publications,
_c2011.
300 _aix,307p.
653 _aSouth Asia India
653 _aHistory of Science and Technology
653 _aExploring New Themes
942 _cBK
999 _c5062
_d5062